| 000 | 01224nam a22002537a 4500 | ||
|---|---|---|---|
| 003 | BPGM | ||
| 005 | 20260624204711.0 | ||
| 008 | 260624b2008 mx ||||| |||| 001 0 spa d | ||
| 020 | _a978-968-9350-17-0 | ||
| 040 |
_aBPGM _bspa |
||
| 041 |
_aspa _hspa |
||
| 082 | 0 | 4 |
_aCQ / 863M / _bG3788 / C84 / |
| 100 | _aGARCIA, SERVIN, ALFREDO | ||
| 245 | _aCUENTOS VAGABUNDO | ||
| 300 |
_a60 páginas _c22.3 cm x 10.3 cm |
||
| 336 |
_2rdacontent _atexto _btxt |
||
| 337 |
_2rdamedia _asin mediación _bn |
||
| 338 |
_2rdacarrier _avolumen _bnc |
||
| 505 | _aCUENTOS VAGABUNDOS (PUBLICADO ORIGINALMENTE EN 2007) ES UNA ANTOLOGÍA DE RELATOS DEL ESCRITOR, DOCENTE Y NARRADOR MEXICANO ALFREDO GARCÍA SERVÍN (NACIDO EN ACÁMBARO, GUANAJUATO, PERO PROFUNDAMENTE ARRAIGADO EN LA ESCENA CULTURAL DE QUERÉTARO).HACIENDO HONOR A SU TÍTULO, LA OBRA RECOPILA HISTORIAS DONDE LA TRANSITORIEDAD, EL VIAJE Y EL CONSTANTE MOVIMIENTO SON EL EJE CENTRAL. LOS PERSONAJES DE ESTE LIBRO NO ESTÁN FIJOS; TRANSITAN POR LA VIDA, POR LOS ESPACIOS GEOGRÁFICOS Y POR SUS PROPIOS MUNDOS INTERIORES. | ||
| 650 | _aLITERATURA Y RETORICA | ||
| 650 | _aLITERATURAS ESPAÑOLAS Y PORTUGUESAS | ||
| 650 | _aNOVELISTICA ESPAÑOLA | ||
| 942 |
_2ddc _cCOLQ |
||
| 999 |
_c68663 _d68663 |
||